A course of theoretical physics (Record no. 7681)

MARC details
000 -LEADER
fixed length control field 00678nam a2200217Ia 4500
003 - CONTROL NUMBER IDENTIFIER
control field IN-BaIIA
008 - FIXED-LENGTH DATA ELEMENTS--GENERAL INFORMATION
fixed length control field 211028s9999 xx 000 0 eng d
040 ## - CATALOGING SOURCE
Transcribing agency IIA Library
080 ## - UNIVERSAL DECIMAL CLASSIFICATION NUMBER
Universal Decimal Classification number 530.1
Item number KUM-1
100 ## - MAIN ENTRY--PERSONAL NAME
Personal name Kompaneyets, A. S.
9 (RLIN) 4651
245 #2 - TITLE STATEMENT
Title A course of theoretical physics
Remainder of title vol. 1, funadamental Laws
Statement of responsibility, etc. A. S. Kompaneyets; translated by V. Talmy
260 ## - PUBLICATION, DISTRIBUTION, ETC.
Place of publication, distribution, etc. Moscow
Name of publisher, distributor, etc. MIR Publishers
Date of publication, distribution, etc. 1978
300 ## - PHYSICAL DESCRIPTION
Extent 564p.
500 ## - GENERAL NOTE
General note Donated by Mrs. Bappu
650 ## - SUBJECT ADDED ENTRY--TOPICAL TERM
Topical term or geographic name entry element Electrodynamics
9 (RLIN) 2319
650 ## - SUBJECT ADDED ENTRY--TOPICAL TERM
Topical term or geographic name entry element NASA Thesaurus
650 ## - SUBJECT ADDED ENTRY--TOPICAL TERM
Topical term or geographic name entry element Quantum Mechanics
650 ## - SUBJECT ADDED ENTRY--TOPICAL TERM
Topical term or geographic name entry element Quantum Theory
700 ## - ADDED ENTRY--PERSONAL NAME
Personal name Talmy, V.
9 (RLIN) 12997
942 ## - ADDED ENTRY ELEMENTS (KOHA)
Koha item type Books
Holdings
Withdrawn status Lost status Damaged status Not for loan Home library Current library Shelving location Date acquired Total Checkouts Full call number Barcode Date last seen Price effective from Koha item type
        IIA Library-Bangalore IIA Library-Bangalore General Stacks 26/07/1983   530.1/ KUM-1 8495 05/11/2021 26/07/1983 Books

Powered by Koha